Opinion, fact, or falsehood? - Statistics

General Stats
  • This quiz has been taken 39 times
  • The average score is 9 of 15
Answer Stats
Question Answer % Correct
Dogs are animals. Fact
100%
Taipei is the capital of Taiwan. Fact
100%
Dinosaurs are still living today. Falsehood
100%
Honesty is the best policy. Opinion
100%
Murder is unethical. Opinion
88%
Cell phones are used commonly. Fact
75%
Paris is known for its Eiffel Tower. Opinion
63%
You could become rich. Fact
50%
What you do on this quiz affects you. Fact
50%
Dogs age seven times as quickly as humans. Falsehood
50%
All roller coasters use gravity to move. Falsehood
50%
Milk is from cows. Falsehood
25%
You are reading this quiz. Opinion
13%
The US is bigger than China. Opinion
13%
Genghis khan killed tens of millions. Opinion
13%
No matching quizzes found
Score Distribution
Percent of People with Each Score
Percentile by Number Answered
Your Score History
You have not taken this quiz